The Category of Comparison in Latin /
Which Latin adjectives and adverbs allow for comparative and superlative forms, and which ones do not? Based on extensive data collection, this book aims to provide today's readers of Latin with some objective criteria for determining the answer to this question.
المؤلف الرئيسي:
التنسيق: كتاب الكتروني
اللغة: English
منشور في:
Leiden ; Boston :
Brill,
2022.
سلاسل:
The Language of Classical Literature ;
36.
الموضوعات:
الوصول للمادة أونلاين: Login to view Source
الوسوم: إضافة وسم
رقم الطلب: PA27
| LEADER | 02609nam a22004938i 4500 | ||
|---|---|---|---|
| 001 | BRILL9789004523470 | ||
| 003 | nllekb | ||
| 005 | 20230529211033.0 | ||
| 006 | m d | ||
| 007 | cr un uuuua | ||
| 008 | 220630s2022 ne sb 001 0 eng d | ||
| 020 | |a 9789004523470 |q (electronic book) | ||
| 020 | |a 9789004523463 |q (print) | ||
| 024 | 7 | |a 10.1163/9789004523470 |2 DOI | |
| 035 | |z (OCoLC)1330690400 | ||
| 040 | |a NL-LeKB |c NL-LeKB |e rda | ||
| 050 | 4 | |a PA27 | |
| 072 | 7 | |a DSBB |2 bicssc | |
| 072 | 7 | |a LIT |x 004190 |2 bisacsh | |
| 072 | 7 | |a LIT |x 011000 |2 bisacsh | |
| 082 | 0 | 4 | |a 880.09 |2 23 |
| 100 | 1 | |a Pultrová, Lucie, |e author. | |
| 245 | 1 | 4 | |a The Category of Comparison in Latin / |c Lucie Pultrová. |
| 264 | 1 | |a Leiden ; |a Boston : |b Brill, |c 2022. | |
| 300 | |a 1 online resource. | ||
| 336 | |a text |b txt |2 rdacontent | ||
| 337 | |a computer |b c |2 rdamedia | ||
| 338 | |a online resource |2 rdacarrier | ||
| 490 | 1 | |a The Language of Classical Literature ; |v 36 | |
| 504 | |a Includes bibliographical references and index. | ||
| 520 | 3 | |a Which Latin adjectives and adverbs allow for comparative and superlative forms, and which ones do not? Based on extensive data collection, this book aims to provide today's readers of Latin with some objective criteria for determining the answer to this question. | |
| 520 | |a This book focuses on one of the basic - yet still rather neglected in Latin linguistics- grammatical categories: comparison of adjectives and adverbs. Which Latin adjectives and adverbs allow for comparative and superlative forms, and which ones do not? This question may seem trivial to those working with modern languages but is not at all trivial in the case of a dead language such as Latin that has no native speakers and a limited corpus of written texts. Based on extensive data collection, the book aims to provide today's readers of Latin with some objective criteria for determining the answer. | ||
| 559 | 4 | |a PA27 | |
| 588 | |a Description based on print version record. | ||
| 650 | 0 | |a Classical Studies. | |
| 650 | 0 | |a Greek & Latin Linguistics. | |
| 650 | 0 | |a Historical and Comparative Linguistics & Linguistic Typology. | |
| 650 | 0 | |a Languages and Linguistics. | |
| 776 | 0 | 8 | |i Print version: |t The Category of Comparison in Latin. |d Leiden ; Boston : Brill, 2022. |z 9789004523463 |
| 830 | 0 | |a The Language of Classical Literature ; |v 36. | |
| 856 | 4 | |z DOI: |u http://dx.doi.org/10.1163/9789004523470 | |
| 942 | |2 lcc |c EBOOK | ||
| 952 | |0 0 |1 0 |2 lcc |4 0 |6 PA0027 |7 1 |9 48180 |a BRILL |b BRILL |d 2023-05-29 |l 0 |o PA27 |r 2023-05-29 00:00:00 |w 2023-05-29 |y EBOOK | ||
| 999 | |c 53524 |d 53524 | ||
